Religion Quiz

Random Religion or Bible Quiz

Biblical Figures by Haiku Quiz Stats

Quiz Updated Mar 6, 2012

Challenge
Share
Tweet
Embed
Score 0/15 Timer 04:00
0 Plays Today
Haiku Biblical Person % Correct
The second on Earth/ mother of Cain and Abel/ created from side.Eve
94.4%
He was raised a prince/ he did not marry a Jew/ let my people go.Moses
91.8%
From slave to viceroy/ he had a colorful coat/ his father embalmed. Joseph
89.5%
Go to Nineveh/ instead he runs from his God/ then swallowed by fish.Jonah
88.8%
The Divine Logos/ the Wonderful Counselor/ nailed to a tree.Jesus Christ
85.6%
From Ur to Canaan/ he did bind his second son/ father of three faiths.Abraham
82%
Road to Damascus/ he was blinded by the Light/ he wrote thirteen books. Paul of Tarsus
79.5%
He denounced Herod/ a cousin of the God Man/ now off with his head.John the Baptist
78.6%
Haiku Biblical Person % Correct
Soothed Saul with music/ Absalom my son, my son/ ever known for songs.King David
72.1%
Righteous in his time/ dad of Ham, Shem and Japhet/ did he invent wine. Noah
68.6%
He built First Temple/ and gave Sheba all she asked/ he died a pagan. King Solomon
67.4%
Dad was one-hundred/ saw Rebecca at the well/ he blessed the wrong son.Isaac
66.3%
Was one of the spies/ he parted the waters too/ brought down Jericho.Joshua
65.3%
Takes over as queen/ Haman to kill her people/ she lives, he doesn't. Esther
60.8%
Swords into plowshares/ the wolf shall dwell with the lamb/ he prophesied these.Isaiah
50.6%

You're not logged in!

Compare scores with friends on all Sporcle quizzes.
Sign Up with Email
OR
Log In

You Might Also Like...

Show Comments

Extras

Top Quizzes Today


Score Distribution

Your Account Isn't Verified!

In order to create a playlist on Sporcle, you need to verify the email address you used during registration. Go to your Sporcle Settings to finish the process.